Detalles MARC
| 000 -LEADER |
| longitud fija campo de control |
02515nam a22005537a 4500 |
| 003 - IDENTIFICADOR DE NUMERO DE CONTROL |
| control del campo |
AR-RoUNA |
| 005 - FECHA DE LA ULTIMA MODIFICACION |
| control del campo |
20250701092259.0 |
| 020 ## - INTERNATIONAL STANDARD BOOK NUMBER |
| ISBN |
9791221074130 |
| 040 ## - ORIGEN DE LA CATALOGACION |
| Agencia que cataloga la obra original |
AR-RoUNA |
| Idioma en que se cataloga |
spa |
| Entidad que modifico el registro |
AR-RoUNA |
| 041 ## - CODIGO DE IDIOMA |
| Codigo de idioma del texto / sonido o titulo separado |
eng |
| 044 ## - CODIGO DE PAIS / ENTIDAD PRODUCTORA |
| Codigo MARC del pais |
ag |
| 245 10 - TITULO PROPIAMENTE DICHO |
| Titulo |
TerraViva Chronicles : |
| Subtitulo |
Architecture Competitions / |
| Mencion de responsabilidad, etc |
TerraViva |
| Numero de la parte / seccion de una obra |
v.1 |
| 260 ## - EDITORIAL - PUBLICACION, DISTRIBUCION, ETC. (Pie de imprenta) |
| Lugar de publicacion, distribucion, etc |
Milan, Italia: |
| Nombre del editor, distribuidor, etc |
TerraViva Srl, |
| Fecha de publicacion |
2024. |
| 490 ## - MENCION DE SERIE |
| Numero del volumen / designacion secuencial |
v. 1 |
| 505 0# - NOTA DE CONTENIDO CON FORMATO |
| Título |
INDICE |
| 505 0# - NOTA DE CONTENIDO CON FORMATO |
| Título |
VIVIENDA RURAL |
| 505 0# - NOTA DE CONTENIDO CON FORMATO |
| Título principal |
La reutilización adaptativa de una "Cascina" italiana. p. 9 |
| 505 0# - NOTA DE CONTENIDO CON FORMATO |
| Título |
PINAR DE LIGNANO |
| 505 0# - NOTA DE CONTENIDO CON FORMATO |
| Título principal |
Un Eco-Hotel Inmerso en el bosque. p. 31 |
| 505 0# - NOTA DE CONTENIDO CON FORMATO |
| Título |
SILOS BUENOS AIRES |
| 505 0# - NOTA DE CONTENIDO CON FORMATO |
| Título principal |
Un nuevo hito para Puerto Madero. p. 53<br/><br/> |
| 505 0# - NOTA DE CONTENIDO CON FORMATO |
| Título |
PABELLONES DE FAUNA SILVESTRE |
| 505 0# - NOTA DE CONTENIDO CON FORMATO |
| Título principal |
Una nueva perspectiva sobre la Reserva Natural "Torbiere del Sebido". p. 75<br/><br/> |
| 505 0# - NOTA DE CONTENIDO CON FORMATO |
| Título |
EL PASEO DE ARENA DORADA<br/><br/> |
| 505 0# - NOTA DE CONTENIDO CON FORMATO |
| Título principal |
Un nuevo "Lungomare" para Lignano Sabbiadoro. p. 97 |
| 505 0# - NOTA DE CONTENIDO CON FORMATO |
| Título |
DETRAS DE ESCENA |
| 505 0# - NOTA DE CONTENIDO CON FORMATO |
| Título principal |
Nuestro viaje para ganar un Concurso Internacional de Diseño. p. 121 |
| 505 0# - NOTA DE CONTENIDO CON FORMATO |
| Título |
EL MUSEO VIVO.<br/><br/> |
| 505 0# - NOTA DE CONTENIDO CON FORMATO |
| Título principal |
Micro-arquitecturas en el paisaje. p. 125 |
| 505 0# - NOTA DE CONTENIDO CON FORMATO |
| Título |
COWORKING HÍBRIDO |
| 505 0# - NOTA DE CONTENIDO CON FORMATO |
| Título principal |
Nuevo espacio para profesionales nómades. p. 147<br/><br/> |
| 505 0# - NOTA DE CONTENIDO CON FORMATO |
| Título |
HANGAR TICINUM |
| 505 0# - NOTA DE CONTENIDO CON FORMATO |
| Título principal |
Un Centro Comunitario en el río. p.169. |
| 505 0# - NOTA DE CONTENIDO CON FORMATO |
| Título |
LA PLAZA CUBANA |
| 505 0# - NOTA DE CONTENIDO CON FORMATO |
| Título principal |
Una evolución del espacio público [r] en La Habana. p. 191<br/><br/> |
| 505 0# - NOTA DE CONTENIDO CON FORMATO |
| Título |
BODEGA CULTURAL<br/><br/> |
| 505 0# - NOTA DE CONTENIDO CON FORMATO |
| Título principal |
Una nueva experiencia de cata en la Toscana. p. 213 |
| 520 3# - NOTA DE RESUMEN |
| Nota de resumen, etc. |
TerraViva es una Plataforma dedicada a la organización de Concursos Internacionales de Arquitectura y Diseño, conecta a los creativos más talentosos de todo el mundo con socios y partes interesadas que buscan proyectos de alta calidad para rehabilitar un edificio, rediseñar una trama urbana o incluso transformar un distrito entero.<br/>Además de nuestro enfoque en la arquitectura, también trabajamos en concursos de diseño gráfico, proporcionando una plataforma para que los diseñadores muestren sus habilidades de comunicación visual y contribuyan a proyectos innovadores. |
| 650 #4 - MATERIA - TERMINO TEMATICO |
| Término temático general |
Arquitectura |
| 650 #4 - MATERIA - TERMINO TEMATICO |
| Término temático general |
Diseño |
| 650 #4 - MATERIA - TERMINO TEMATICO |
| Término temático general |
Urbanismo |
| 650 #4 - MATERIA - TERMINO TEMATICO |
| Término temático general |
Espacio público |
| 650 #4 - MATERIA - TERMINO TEMATICO |
| Término temático general |
Paisajismo |
| 651 #4 - MATERIA - NOMBRE GEOGRAFICO |
| Termino geografico |
Toscana (Italia) |
| 9 (RLIN) |
27281 |
| 651 #0 - MATERIA - NOMBRE GEOGRAFICO |
| 9 (RLIN) |
193 |
| Termino geografico |
Buenos Aires (Argentina) |
| 942 ## - FUENTE DE CLASIFICACION |
| Clasificacion |
Universal Decimal Classification |
| 945 ## - INFORMACION DE PROCESAMIENTO |
| Fecha de ingreso o modificacion |
2025-06-30 |
| 980 ## - DECLARACIÓN DE EQUIVALENCIA O SERIE DE REFERENCIA CRUZADA - NOMBRE / TÍTULO PERSONAL [LOCAL, CANADÁ] |
| Código del operador |
1 |
| Nombre del operador |
Maricel Allasia |
| Código del operador que modifico el registro |
5 |
| Nombre del operador que modifico el registro |
María Machado |